000 00765 a2200217 4500
020 _a0596004036
040 _aDLC
_bDLC
082 0 0 _a005.8
100 1 _aGarman, Jason.
245 1 0 _aKerberos: the definitive guide
_bthe definitive guide
_cJason Garman
250 _a1st ed.
260 _aBeijing ;
_aFarnham :
_bO'Reilly,
_c2003.
300 _axiv, 253 p. :
_bill. ;
_c24 cm.
500 _a"Covers Unix and Windows"--Cover.
500 _a"Cross-platform authentication & single-sign-on"--Cover.
500 _aIncludes index.
650 0 _aComputer networks
_xSecurity measures.
650 0 _aComputer networks
_xAccess control.
856 4 2 _3Publisher description
_uhttp://www.loc.gov/catdir/enhancements/fy0715/2004272744-d.html
942 _cBK
_k005.8 GAR
_2ddc
999 _c6647
_d6647